<?xml version="1.0" encoding="UTF-8"?>
<collection xmlns="http://www.loc.gov/MARC21/slim">
 <record>
  <leader>03591nam a2200529Ii 4500</leader>
  <controlfield tag="001">000154382</controlfield>
  <controlfield tag="003">UtOrBLW</controlfield>
  <controlfield tag="005">20220505203343.0</controlfield>
  <controlfield tag="005">20190617112505.0</controlfield>
  <controlfield tag="006">m     o  d</controlfield>
  <controlfield tag="007">cr un|||||||||</controlfield>
  <controlfield tag="008">190617t20192019enk     o     001 0 eng d</controlfield>
  <datafield tag="STA" ind1=" " ind2=" ">
   <subfield code="a">NEZPRACOVANÝ IMPORT</subfield>
  </datafield>
  <datafield tag="020" ind1=" " ind2=" ">
   <subfield code="a">9781789735994 (e-book)</subfield>
  </datafield>
  <datafield tag="020" ind1=" " ind2=" ">
   <subfield code="a">9781789736014 (ePUB)</subfield>
  </datafield>
  <datafield tag="050" ind1=" " ind2=" ">
   <subfield code="a">HD2746.5</subfield>
   <subfield code="b">.A38 2019</subfield>
  </datafield>
  <datafield tag="072" ind1=" " ind2=" ">
   <subfield code="a">KJ</subfield>
   <subfield code="2">bicssc</subfield>
  </datafield>
  <datafield tag="072" ind1=" " ind2=" ">
   <subfield code="a">BUS000000</subfield>
   <subfield code="2">bisacsh</subfield>
  </datafield>
  <datafield tag="080" ind1=" " ind2=" ">
   <subfield code="a">658.1</subfield>
  </datafield>
  <datafield tag="082" ind1=" " ind2=" ">
   <subfield code="a">658.16</subfield>
   <subfield code="2">23</subfield>
  </datafield>
  <datafield tag="245" ind1=" " ind2=" ">
   <subfield code="a">Advances in mergers and acquisitions.</subfield>
   <subfield code="n">Volume 18 /</subfield>
   <subfield code="c">edited by Cary L. Cooper and Sydney Finkelstein.</subfield>
  </datafield>
  <datafield tag="264" ind1=" " ind2=" ">
   <subfield code="a">Bingley, U.K. :</subfield>
   <subfield code="b">Emerald Publishing Limited,</subfield>
   <subfield code="c">2019.</subfield>
  </datafield>
  <datafield tag="264" ind1=" " ind2=" ">
   <subfield code="c">©2019</subfield>
  </datafield>
  <datafield tag="300" ind1=" " ind2=" ">
   <subfield code="a">1 online resource (xviii, 145 pages) ;</subfield>
   <subfield code="c">cm.</subfield>
  </datafield>
  <datafield tag="336" ind1=" " ind2=" ">
   <subfield code="a">text</subfield>
   <subfield code="b">txt</subfield>
   <subfield code="2">rdacontent</subfield>
  </datafield>
  <datafield tag="337" ind1=" " ind2=" ">
   <subfield code="a">computer</subfield>
   <subfield code="b">c</subfield>
   <subfield code="2">rdamedia</subfield>
  </datafield>
  <datafield tag="338" ind1=" " ind2=" ">
   <subfield code="a">online resource</subfield>
   <subfield code="b">cr</subfield>
   <subfield code="2">rdacarrier</subfield>
  </datafield>
  <datafield tag="490" ind1=" " ind2=" ">
   <subfield code="a">Advances in mergers and acquisitions,</subfield>
   <subfield code="x">1479-361X ;</subfield>
   <subfield code="v">volume 18</subfield>
  </datafield>
  <datafield tag="500" ind1=" " ind2=" ">
   <subfield code="a">Includes index.</subfield>
  </datafield>
  <datafield tag="505" ind1=" " ind2=" ">
   <subfield code="a">Prelims -- Chapter 1: A research agenda to increase merger and acquisition success -- Chapter 2: Board interlocks and m&amp;as -- Chapter 3: M&amp;A advisors: padding their pockets or source of expertise? -- Chapter 4: Workplace diversity and gender in merger and acquisition research -- Chapter 5: An australian case study of stakeholder relationships in a merger and acquisition process -- Chapter 6: Family businesses: building a merger and acquisition research agenda -- Chapter 7: Making M&amp;A less risky: the influence of due diligence processes on strategic investment decision making -- Chapter 8: Merging cities -- Chapter 9: Varieties of value in mergers and acquisitions: time for a new research agenda -- Index.</subfield>
  </datafield>
  <datafield tag="520" ind1=" " ind2=" ">
   <subfield code="a">Advances in Mergers and Acquisitions stands out from the competition due to its focus on three key characteristics: studies from scholars in different countries, with different research questions, relying on different theoretical perspectives. Such a broad and inclusive approach to mergers and acquisitions is not easily replicated in academic journals, with much narrower mandates and metrics. The chapters published in this volume provide cutting edge ideas by leading scholars, and help to inform mergers and acquisitions research around the world.Volume 18 of this annual series explores a range of issues that include: why the success rate of M&amp;As is still limited; how Boards influence M&amp;A activity; what the role of M&amp;A advisors is; the role of diversity in the context of M&amp;As; stakeholder relationships in the context of M&amp;As; why research has not focussed on family businesses in the M&amp;A field as much as it should; making M&amp;As less risky as a strategic investment; merging cities; pre-merger and acquisition strategies and finally, how 'value' has been used or not used in M&amp;As.</subfield>
  </datafield>
  <datafield tag="588" ind1=" " ind2=" ">
   <subfield code="a">Print version record.</subfield>
  </datafield>
  <datafield tag="650" ind1=" " ind2=" ">
   <subfield code="a">Consolidation and merger of corporations.</subfield>
  </datafield>
  <datafield tag="650" ind1=" " ind2=" ">
   <subfield code="a">Organizational change</subfield>
   <subfield code="x">Management.</subfield>
  </datafield>
  <datafield tag="650" ind1=" " ind2=" ">
   <subfield code="a">Business &amp; Economics</subfield>
   <subfield code="x">General.</subfield>
   <subfield code="2">bisacsh</subfield>
  </datafield>
  <datafield tag="650" ind1=" " ind2=" ">
   <subfield code="a">Business &amp; management.</subfield>
   <subfield code="2">bicssc</subfield>
  </datafield>
  <datafield tag="700" ind1=" " ind2=" ">
   <subfield code="a">Cooper, Cary L.,</subfield>
   <subfield code="e">editor.</subfield>
  </datafield>
  <datafield tag="700" ind1=" " ind2=" ">
   <subfield code="a">Finkelstein, Sydney,</subfield>
   <subfield code="e">editor.</subfield>
  </datafield>
  <datafield tag="776" ind1=" " ind2=" ">
   <subfield code="z">9781789736007</subfield>
  </datafield>
  <datafield tag="830" ind1=" " ind2=" ">
   <subfield code="a">Advances in mergers and acquisitions ;</subfield>
   <subfield code="v">v. 18.</subfield>
   <subfield code="x">1479-361X</subfield>
  </datafield>
  <datafield tag="856" ind1="4" ind2="0">
   <subfield code="u">https://www.emerald.com/insight/publication/doi/10.1108/S1479-361X201918</subfield>
   <subfield code="y">Plný text</subfield>
  </datafield>
  <datafield tag="856" ind1="4" ind2="2">
   <subfield code="u">https://knihovna.vse.cz/zdroje/emerald-ebooks/</subfield>
   <subfield code="y">Informace o práci s e-knihami</subfield>
  </datafield>
  <datafield tag="BAS" ind1=" " ind2=" ">
   <subfield code="a">EMERALD</subfield>
  </datafield>
  <datafield tag="BAS" ind1=" " ind2=" ">
   <subfield code="a">EB</subfield>
  </datafield>
  <datafield tag="993" ind1=" " ind2=" ">
   <subfield code="x">NEPOSILAT</subfield>
   <subfield code="y">EB</subfield>
  </datafield>
 </record>
</collection>
